| 000 | 01007nam a22003257a 4500 | ||
|---|---|---|---|
| 003 | CHAP | ||
| 005 | 20220329140447.0 | ||
| 008 | 971013s1973 enk r 00010 eng d | ||
| 010 | _a52302 | ||
| 011 | _a53274 | ||
| 035 | _a57424 | ||
| 040 | _cCHAP | ||
| 082 | 0 | 4 |
_a512.86 _bP6 |
| 100 | 0 | 0 |
_aPopescu, N. _990884 |
| 245 | 1 | _aAbelian categories with application to rings and modules | |
| 260 |
_aLondon : _bAcademic Press, _c1973 |
||
| 300 | _a467 p. | ||
| 490 | 0 |
_aL.M.S. monographs _v; 3 |
|
| 504 | _aBibliografĂa: pp. 451-459. | ||
| 590 |
_aBATCH-UPD _b10 _c20130110 _lUCH01 _h0529 |
||
| 590 |
_aBATCH-UPD _b10 _c20130110 _lUCH01 _h2210 |
||
| 590 |
_aBATCH-UPD _b10 _c20130410 _lUCH01 _h1617 |
||
| 590 |
_aBATCH-UPD _b10 _c20130914 _lUCH01 _h1711 |
||
| 590 |
_aCONVERSION _b10 _c20130109 _lUCH01 _h1328 |
||
| 650 | 1 | 4 |
_aGrupos _xTeorĂa de los. _950914 |
| 830 | 0 |
_aL.M.S. monographs _v; 3 _964189 |
|
| 901 | _aBK | ||
| 942 | _cLIBRO | ||
| 949 |
_a512.86 P6 _bBC _cLIBRO _d33724000403374 _eLIBRO _h33106 _i57424 _si |
||
| 999 |
_c52302 _d52302 |
||